000 00859cam a22002653a 4500
001 17756
003 PGUSA
005 20140828083358.0
008 060212s2006||||xxu|||||s|||||000 1 eng d
040 _aPGUSA
_beng
042 _adc
050 4 _aPZ
100 1 _aDurham, Victor G.
245 1 4 _aThe Submarine Boys and the Middies :
_bOr, the Prize Detail at Annapolis
_h[electronic resource] /
_cVictor G. Durham
260 _bProject Gutenberg,
_c2006
506 _aPublic domain in the USA.
516 _aElectronic text
653 _aAdventure and adventurers -- Juvenile fiction
653 _aAnnapolis (Md.) -- Juvenile fiction
653 _aSubmarines (Ships) -- Juvenile fiction
653 _aUnited States. Navy -- Juvenile fiction
830 0 _aProject Gutenberg
_v17756
856 4 0 _uhttp://www.gutenberg.org/ebooks/17756
942 _cEB
999 _c247011
_d247011